00492nam a2200181Ia 4500008004100000020001500041082000800056100003000064245002500094250000600119260002500125300001000150500002400160650001200184942000700196952009000203999001700293230524s9999 xx 000 0 und d a8176556554 bKAN aYashawant Kanthkar942681 0aTest Your C++ Skills a1 aNew DelhibBPBc2014 a377p: aQuantity Number: 1 aComp-Sc cBK 00104070aTATCLbTATCLcGENd2023-05-24l0o KANp54034r2023-05-24w2023-05-24yBK c57672d57672